书目信息 |
| 题名: |
有机化学中的人名反应
|
|
| 作者: | 俞凌〓 编 | |
| 分册: | ||
| 出版信息: | 北京 科学出版社 1984 |
|
| 页数: | 554页 | |
| 开本: | 25cm | |
| 丛书名: | ||
| 单 册: | ||
| 中图分类: | O621.25 | |
| 科图分类: | ||
| 主题词: | 有机化学-化学反应,以人名命名的 , 化学反应,以人名命名的-有机化学 | |
| 电子资源: | ||
| ISBN: | ||
| 000 | 00707nam0 2200253 45 | |
| 001 | 0184002030 | |
| 005 | 20040524145902.9 | |
| 010 | @dCNY5.50 | |
| 091 | @a13031.2541 | |
| 100 | @a19950525d1984 em y0chiy0121 ea | |
| 101 | 0 | @achi |
| 102 | @aCN@b110000 | |
| 105 | @ay z 000yy | |
| 106 | @ar | |
| 200 | 10 | @a有机化学中的人名反应@Ayou ji hua xue zhong de ren ming fan ying@f俞凌〓编 |
| 210 | @a北京@c科学出版社@d1984 | |
| 215 | @a554页@d25cm | |
| 606 | @a有机化学-化学反应,以人名命名的 | |
| 606 | @a化学反应,以人名命名的-有机化学 | |
| 690 | @aO621.25@v3 | |
| 701 | 0 | @a俞凌〓@Ayu ling〓@4编 |
| 801 | 0 | @aCN@b上海图书馆@c20040524 |
| 801 | 2 | @aCN@bNLC@c20040524 |
| 905 | @f1@b123153@dO621.25@e16 | |
| 有机化学中的人名反应/俞凌〓编.-北京:科学出版社,1984 |
| 554页;25cm |
| ISBN :CNY5.50 |
| ● |
| 相关链接 |
|
|
|
|
正题名:有机化学中的人名反应
索取号:O621.25/16
 
预约/预借
| 序号 | 登录号 | 条形码 | 馆藏地/架位号 | 状态 | 备注 |
| 1 | 0123153 | 000699435 | 第三借阅区/ [索取号:O621.25/16] | 在馆 | |
| 2 | 0123154 | 202100608 | 第二样本阅览室/ [索取号:O621.25/16] | 在馆 |